00641nam a22001337a 450000500170000000800410001705000330005810000310009124501390012226000340026130000210029550000400031665001510035620250811113518.0250811b |||||||| |||| 00| 0 eng d aTHE S 494.5 .P47 K4 N93bC.1 aNyagwansa, Rose Nyansarora aEffectiveness of Selected Advisory Channels on Safe Use of Pesticides in Kale Production Among the Small Scale Farmers in Kisii County aKisiibKisii Universityc2021 axviii, 99p.:ill. aIncludes bibliographical references a1. Pesticides - Safety measures - Kenya. 2. Agricultural extension work - Kenya. 3. Kale - Kenya - Postharvest technology. 4. Small farms - Kenya.